Analisis de alternativas y Diseno preliminar de una planta de tratamiento para las aguas negras de Hatillo
Na minha lista:
| Autor principal: | |
|---|---|
| Formato: | Tese Livro |
| Idioma: | Undetermined |
| Publicado em: |
1982
|
| Assuntos: | |
| Tags: |
Adicionar Tag
Sem tags, seja o primeiro a adicionar uma tag!
|
MARC
| LEADER | 00000nam a2200000Ia 4500 | ||
|---|---|---|---|
| 001 | 2028 | ||
| 008 | 140114s9999 xx 000 0 und d | ||
| 100 | |a Borges Quesada, William | ||
| 245 | |a Analisis de alternativas y Diseno preliminar de una planta de tratamiento para las aguas negras de Hatillo | ||
| 260 | |c 1982 | ||
| 500 | |a NULL | ||
| 502 | |a Escuela de ingenieria Civil | ||
| 650 | |z TRATAMIENTO DE AGUAS NEGRAS | ||
| 999 | |c 11487 |d 11487 | ||
